| 000 | 00551nam a2200193 a 4500 | ||
|---|---|---|---|
| 001 | 5895 | ||
| 003 | CDMR | ||
| 005 | 20160128163554.0 | ||
| 008 | 130220s1999||||||||||||||||||||||||||||d | ||
| 020 | _a8429745300 | ||
| 040 |
_aCDMR _bcat _cCDMR |
||
| 100 | 1 |
_aSagarra, Josep Maria de _92908 |
|
| 245 | 1 | 0 |
_aMemòries _cJosep Maria de Sagarra ; pròleg de Miquel Batllori |
| 260 |
_aBarcelona _bEdicions 62 _c1999 |
||
| 300 |
_a815 p ; _c20 cm |
||
| 490 | 0 |
_aBiografies i memòries _v37 |
|
| 650 | 0 | 4 |
_aPeriodistes catalans _vBiografia _93139 |
| 942 |
_cMON _2udc |
||
| 999 |
_c5895 _d5895 |
||